SOUTH ASIAN EDITION OF MARTIN'S PHYSICAL PHARMACY AND PHARMACEUTICAL SCIENCE (Record no. 8608)

MARC details
000 -LEADER
fixed length control field 00479nam a22001697a 4500
005 - DATE AND TIME OF LATEST TRANSACTION
control field 20240902121140.0
008 - FIXED-LENGTH DATA ELEMENTS--GENERAL INFORMATION
fixed length control field 240831b |||||||| |||| 00| 0 eng d
020 ## - INTERNATIONAL STANDARD BOOK NUMBER
ISBN 978-93-95736-72-5
041 ## - LANGUAGE CODE
Language code of text/sound track or separate title eng
082 ## - DEWEY DECIMAL CLASSIFICATION NUMBER
Classification number 615.19 SIN
100 ## - MAIN ENTRY--AUTHOR NAME
Personal name SINKO, PATRIC J.
245 ## - TITLE STATEMENT
Title SOUTH ASIAN EDITION OF MARTIN'S PHYSICAL PHARMACY AND PHARMACEUTICAL SCIENCE
260 ## - PUBLICATION, DISTRIBUTION, ETC. (IMPRINT)
Place of publication PHILADELPHIA
Name of publisher WOLTERS KLUWER
300 ## - PHYSICAL DESCRIPTION
Number of Pages 714;P
650 ## - SUBJECT ADDED ENTRY--TOPICAL TERM
Topical Term PHARMACY
General subdivision M.PHARMA
942 ## - ADDED ENTRY ELEMENTS (KOHA)
Koha item type Books
Holdings
Lost status Damaged status Collection code Home library Current library Shelving location Date acquired Source of acquisition Cost, normal purchase price Serial Enumeration / chronology Full call number Accession Number Koha item type
    PHARMACY JRU Library JRU Library SHELF-72-B 30/08/2024 PURCHASE 3295.00 NEW ARRIVALS SHELF 615.19 28350 Books